Tiere erkennen (sehr schwer) - Statistiken

Allgemein
  • Dieses Quiz wurde 51 mal gespielt
  • Das Durchschnittsergebnis liegt bei 3 aus 12
Antwortstatistiken
Bildquiz Antwort % Korrekt
Wildhund
80%
Honigdachs
59%
Marderhund
46%
Nebelparder
29%
Binturong
24%
Erdwolf
20%
Wickelbär
10%
Jaguarundi
7%
Linsang
7%
Wasserreh
7%
Zibetkatze
2%
Bänderroller
0%
Keine übereinstimmenden Quizze gefunden
Verteilung der Resultate
Anzahl Personen mit jedem Resultat
Perzentil nach korrekt beantworteten Fragen
Ihre Resultats-Entwicklung
Sie haben dieses Quiz noch nicht gespielt